| 000 | 00872nac a22002771i 4500 | ||
|---|---|---|---|
| 003 | EG-ScBUE | ||
| 005 | 20230227042933.0 | ||
| 008 | 230227s2003 cc a f 000 0 eng d | ||
| 020 | _a7533134656 | ||
| 040 |
_aEG-ScBUE _beng _erda _cEG-ScBUE _dEG-ScBUE |
||
| 082 | 0 | 4 |
_a728.5 _bBET _222 |
| 110 | _aDi Leonardo International Inc. | ||
| 245 | 0 | 0 |
_aBetween imagination and experience / _ceditor Bernard Chan. |
| 264 | 1 |
_aHong Kong : _bPace Publishing Limited, _c2003. |
|
| 300 |
_a223 pages : _bcolor illustrations ; _c31 cm. |
||
| 336 |
_2rdacontent _atext _btxt |
||
| 337 |
_2rdamedia _aunmediated _bn |
||
| 338 |
_2rdacarrier _avolume _bnc |
||
| 490 | 0 | _aHotel design monograph series | |
| 650 | 7 |
_aHotels decoration. _2BUEsh |
|
| 650 | 7 |
_aHotels _xDesigns. _2BUEsh |
|
| 653 | _bENGARC | ||
| 655 | _vReading book | ||
| 700 | 1 |
_aChan, Bernard, _eeditor. |
|
| 942 |
_cBB _2ddc |
||
| 999 |
_c3131 _d3131 |
||